|
|
|
|
| LEADER |
00000nam a2200000Ia 4500 |
| 008 |
180521b1996 cr ||||| |||| 00| ||spa d |
| 999 |
|
|
|c 1050
|d 1050
|
| 020 |
|
|
|a 9977-67-416-7
|
| 090 |
|
|
|a 06.03.06
|b 400
|
| 100 |
1 |
|
|a Sánchez Corrales, Víctor Manuel
|9 3522
|
| 245 |
1 |
0 |
|a Español 8 : texto /
|c Víctor Manuel Sánchez Corrales, Marta Rojas Porras, Alí Víquez Jiménez
|
| 260 |
|
|
|a San José, C.R. :
|b Editorial de la Universidad de Costa Rica,
|c 1996
|
| 300 |
|
|
|a 240 páginas
|
| 490 |
|
|
|a Hacia el siglo XXI
|
| 500 |
|
|
|a Además guía didáctica Español 8
|
| 650 |
1 |
4 |
|a EDUCACIÓN SECUNDARIA
|9 456
|
| 650 |
1 |
4 |
|a ENSEÑANZA DEL ESPAÑOL
|9 782
|
| 650 |
1 |
4 |
|a LIBROS DE TEXTO
|9 1746
|
| 700 |
1 |
|
|a Rojas Porras, Marta
|9 108
|
| 700 |
1 |
|
|a Víquez Jiménez, Alí
|9 3521
|
| 942 |
|
|
|i 00627 ,00758
|h 06.03.06 400
|2 z
|c 01
|